[Event "TN Mestres 2024-25"]
[Site "Pombal"]
[Date "2024.12.19"]
[Round "4.10"]
[White "Goncalves, Lucas"]
[Black "Marques, Pedro Godinho"]
[Result "1/2-1/2"]
[LiveChessVersion "1.4.8"]
[BlackElo "1857"]
[WhiteElo "1990"]

1. e4 {[%clk 1:30:57]} e5 {[%clk 1:19:17]} 2. Nf3 {[%clk 1:31:00]} Nc6
{[%clk 1:19:21]} 3. Bc4 {[%clk 1:31:25]} Bc5 {[%clk 1:19:10]} 4. c3
{[%clk 1:31:48]} Nf6 {[%clk 1:19:19]} 5. d3 {[%clk 1:32:10]} d6 {[%clk 1:19:17]}
6. Nbd2 {[%clk 1:32:14]} a5 {[%clk 1:19:12]} 7. Nf1 {[%clk 1:31:13]} h6
{[%clk 1:16:05]} 8. Be3 {[%clk 1:31:27]} O-O {[%clk 0:57:03]} 9. Ng3
{[%clk 1:30:00]} Bxe3 {[%clk 0:50:41]} 10. fxe3 {[%clk 1:30:24]} d5
{[%clk 0:48:00]} 11. exd5 {[%clk 1:30:40]} Nxd5 {[%clk 0:47:58]} 12. Qd2
{[%clk 1:30:07]} Nb6 {[%clk 0:44:12]} 13. Bb3 {[%clk 1:30:07]} a4
{[%clk 0:42:25]} 14. Bc2 {[%clk 1:30:31]} Be6 {[%clk 0:39:14]} 15. e4
{[%clk 1:27:24]} Qd6 {[%clk 0:35:26]} 16. O-O {[%clk 1:27:14]} Ne7
{[%clk 0:31:45]} 17. d4 {[%clk 1:25:49]} Nc4 {[%clk 0:27:43]} 18. Qe1
{[%clk 1:23:37]} Qb6 {[%clk 0:26:14]} 19. b3 {[%clk 1:19:56]} axb3
{[%clk 0:24:24]} 20. axb3 {[%clk 1:18:39]} Rxa1 {[%clk 0:23:20]} 21. Qxa1
{[%clk 1:19:06]} Ne3 {[%clk 0:23:29]} 22. Rf2 {[%clk 1:18:55]} exd4
{[%clk 0:20:47]} 23. Nxd4 {[%clk 1:18:35]} Nxc2 {[%clk 0:19:07]} 24. Rxc2
{[%clk 1:18:39]} Nc6 {[%clk 0:17:57]} 25. Kh1 {[%clk 1:14:39]} Nxd4
{[%clk 0:14:53]} 26. cxd4 {[%clk 1:15:01]} c6 {[%clk 0:14:14]} 27. d5
{[%clk 1:14:53]} cxd5 {[%clk 0:12:54]} 28. exd5 {[%clk 1:15:14]} Qxb3
{[%clk 0:13:12]} 29. Rd2 {[%clk 1:14:57]} Bd7 {[%clk 0:10:54]} 30. Nh5
{[%clk 1:08:11]} f6 {[%clk 0:10:20]} 31. Nf4 {[%clk 1:07:59]} Qe3
{[%clk 0:10:03]} 32. Rd4 {[%clk 1:07:40]} Rc8 {[%clk 0:09:11]} 33. Nd3
{[%clk 1:07:59]} Bf5 {[%clk 0:08:47]} 34. Qg1 {[%clk 1:07:43]} Qd2
{[%clk 0:03:42]} 35. Nc5 {[%clk 1:05:01]} Qc3 {[%clk 0:03:14]} 36. Na4
{[%clk 0:52:59]} Qxd4 {[%clk 0:03:20]} 37. Qxd4 {[%clk 0:53:23]} Rc1+
{[%clk 0:03:46]} 38. Qg1 {[%clk 0:53:44]} Rxg1+ {[%clk 0:04:14]} 39. Kxg1
{[%clk 0:54:06]} Kf7 {[%clk 0:04:38]} 40. Kf2 {[%clk 0:54:32]} b5
{[%clk 0:04:12]} 41. Nc5 {[%clk 0:54:52]} Ke7 {[%clk 0:04:05]} 42. Ke3
{[%clk 0:55:11]} Kd6 {[%clk 0:03:55]} 43. Kd4 {[%clk 0:55:35]} h5
{[%clk 0:03:51]} 44. Nb7+ {[%clk 0:55:28]} Kc7 {[%clk 0:03:56]} 45. Na5
{[%clk 0:55:45]} Kb6 {[%clk 0:03:38]} 46. Nb3 {[%clk 0:56:10]} g5
{[%clk 0:03:07]} 47. Nc5 {[%clk 0:55:24]} Kc7 {[%clk 0:03:06]} 48. Na6+
{[%clk 0:55:37]} Kd6 {[%clk 0:03:15]} 49. Nb4 {[%clk 0:55:35]} Bg6
{[%clk 0:03:16]} 50. Na2 {[%clk 0:55:52]} f5 {[%clk 0:02:42]} 51. Nc3
{[%clk 0:56:17]} Be8 {[%clk 0:03:04]} 52. Ne2 {[%clk 0:56:26]} h4
{[%clk 0:03:13]} 53. Ng1 {[%clk 0:56:44]} g4 {[%clk 0:02:54]} 54. Ne2
{[%clk 0:57:12]} Bf7 {[%clk 0:02:45]} 55. Nc3 {[%clk 0:57:36]} Be8
{[%clk 0:02:55]} 56. Nd1 {[%clk 0:56:41]} Bd7 {[%clk 0:02:53]} 57. Nf2
{[%clk 0:56:38]} b4 {[%clk 0:02:07]} 58. Kc4 {[%clk 0:54:52]} Bc8
{[%clk 0:01:49]} 59. Kxb4 {[%clk 0:54:16]} Kxd5 {[%clk 0:02:13]} 60. Kc3
{[%clk 0:54:39]} Ba6 {[%clk 0:02:03]} 61. Kd2 {[%clk 0:54:57]} Kd4
{[%clk 0:02:18]} 62. Ke1 {[%clk 0:55:03]} Bb5 {[%clk 0:02:14]} 63. Kd2
{[%clk 0:53:25]} Bc6 {[%clk 0:02:23]} 64. g3 {[%clk 0:53:19]} h3 {[%clk 0:02:41]}
65. Nxg4 {[%clk 0:53:26]} fxg4 {[%clk 0:02:44]} 66. Ke2 {[%clk 0:53:50]} Bb5+
{[%clk 0:02:30]} 67. Kf2 {[%clk 0:54:16]} Kd3 {[%clk 0:02:44]} 68. Kg1
{[%clk 0:54:41]} Ke3 {[%clk 0:02:37]} 69. Kh1 {[%clk 0:55:08]} Bc6+
{[%clk 0:02:39]} 70. Kg1 {[%clk 0:55:34]} Kf3 {[%clk 0:02:55]} 71. Kf1
{[%clk 0:56:00]} Bd5 {[%clk 0:02:44]} 72. Kg1 {[%clk 0:56:20]} 1/2-1/2